<?xml version="1.0" encoding="UTF-8"?>
<collection xmlns="http://www.loc.gov/MARC21/slim">
  <record>
    <leader>00000nam  2200000   4500</leader>
    <controlfield tag="001">INLIS000000000020325</controlfield>
    <controlfield tag="005">20250612025501</controlfield>
    <datafield tag="035" ind1="#" ind2="#">
      <subfield code="a">0010-0625000067</subfield>
    </datafield>
    <controlfield tag="007">ta</controlfield>
    <controlfield tag="008">250612################|##########|#|##</controlfield>
    <datafield tag="084" ind1="#" ind2="#">
      <subfield code="a">R 0033 PKN I 2024</subfield>
    </datafield>
    <datafield tag="100" ind1=" " ind2="#">
      <subfield code="a">Henry Silka Innah</subfield>
    </datafield>
    <datafield tag="245" ind1="1" ind2="#">
      <subfield code="a">Reaktualisasi Proses Bisnis Dukungan Teknis Operasional Pelaksanaan Fungsi Komisi Nasional Hak Asasi Manusia /</subfield>
      <subfield code="c">Henry Silka Innah</subfield>
    </datafield>
    <datafield tag="260" ind1="#" ind2="#">
      <subfield code="a">Jakarta :</subfield>
      <subfield code="b">Pusbangkom Pimnas dan Manajerial ASN,</subfield>
      <subfield code="c">2024</subfield>
    </datafield>
    <datafield tag="300" ind1="#" ind2="#">
      <subfield code="a">40 hlm. ;</subfield>
      <subfield code="c">30 cm</subfield>
    </datafield>
    <datafield tag="650" ind1="#" ind2="4">
      <subfield code="a">Komnas HAM</subfield>
    </datafield>
    <datafield tag="520" ind1="#" ind2="#">
      <subfield code="a">Dalam rangka upaya untuk meningkatkan tertib administrasi, efisiensi, efektivias, dan profesionalitas dalam melaksanakan tugas dan fungsi sekretariat Jenderal Komisi Nasional Hak Asasi Manusia guna mendukung teknis operasional pelaksanaan fungsi Komisi Nasional Hak Asasi Manusia, perlu disusun peta proses bisnis sebagai rujukan dalam penyusunan, pembuatan atau perbaikan standar operasional prosedur, perbaikan standar kinerja pelanan, perbaikan struktur organisasi, pembuatan dan perbaikan uraian pekerjaan, serta menjadi dasar pengambilan keputusan strategis terkait pengembangan organisasi dan sumber daya manusia.</subfield>
    </datafield>
    <datafield tag="990" ind1="#" ind2="#">
      <subfield code="a">2024/1.2.1/A/0033</subfield>
    </datafield>
  </record>
</collection>
